Técnica del vacío en metalurgia

Αποθηκεύτηκε σε:
Λεπτομέρειες βιβλιογραφικής εγγραφής
Κύριος συγγραφέας: Belk, J. A (Συγγραφέας)
Μορφή: Βιβλίο
Γλώσσα:Ισπανικά
Έκδοση: Bilbao Urmo 1967
Θέματα:
Ετικέτες: Προσθήκη ετικέτας
Δεν υπάρχουν, Καταχωρήστε ετικέτα πρώτοι!

MARC

LEADER 00000nam a2200000 a 4500
001 UCP1999
003 CL-VaPUC
008 990430e19670000SP |||||||||||||||||spa|d
082 0 4 |a 669.0284  |b BEL  |2 21 
100 0 |a Belk, J. A  |e author  |9 428386 
245 1 0 |a Técnica del vacío en metalurgia 
300 |a 207 p 
942 |c BK 
945 |d 19990430 00:00:00  |a cmena 
260 |a Bilbao  |b Urmo  |c 1967 
650 0 |a Metalurgia  |9 263720 
650 0 |a Electrometalurgia  |9 263654 
650 7 |a BOMBAS  |2 CL-VaPUC  |9 259418 
650 0 |a Transmisión de calor  |9 259410 
583 |a last modification  |c 19990430 00:00:00  |k Rodrigo Vera 
999 |c 280612  |d 280610